000 00743nam a2200229Ii 4500
003 JO-AjNU
008 230605s9999||||xx |||||||||||||| ||und||
017 _a2019/21534
020 _a977-255-239-18
040 _aJO-AjNU
_bara
_erda
_cJO-AjNU
041 _aara
050 1 4 _aD16.8.L4312.2020
100 3 _aتأليف:لوبون،جوستاف؛ ترجمة: عادل زعيتر,
_eauthor
_960350
245 0 0 _aفلسفة التاريخ
250 _aالطبعة الاولى
264 3 1 _aالقاهرة: مكتبة الفنون والاداب، 2020
300 _a192ص
336 _atext
_btxt
_2rdacontent
337 _aunmediated
_bn
_2rdamedia
338 _avolume
_bnc
_2rdacarrier
650 4 _aالتاريخ -فلسفة
_960351
999 _aA27208
_c30776
_d30776